[Event "SRB-ch sf Belgrade-ch"]
[Site "Belgrade"]
[Date "2017.01.31"]
[Round "9"]
[White "Djordjevic, Nevena"]
[Black "Milutinovic, Dimitrije"]
[Result "1/2-1/2"]
[WhiteElo "1445"]
[BlackElo "1866"]
[PlyCount "82"]
[EventDate "2017.01.23"]
[EventType "swiss"]
[EventRounds "9"]
[EventCountry "SRB"]
[SourceTitle "EXT 2018"]
[Source "ChessBase"]
[SourceDate "2017.10.13"]
[SourceVersion "1"]
[SourceVersionDate "2017.10.13"]
[SourceQuality "1"]

1. d4 d5 2. c4 dxc4 3. Nf3 g6 4. e3 Nf6 5. Bxc4 Bg7 6. 0-0 0-0 7. Nc3 a6 8. a4 b6 9. Bd2 Bb7 10. Qe2 Ne4 11. Nxe4 Bxe4 12. Bc3 e6 13. Rfd1 Bd5 14. Rac1 c6 15. e4 Bxc4 16. Qxc4 Qc8 17. Bb4 Rd8 18. b3 Qd7 19. h3 a5 20. Ba3 Qb7 21. Re1 Rc8 22. d5 exd5 23. exd5 c5 24. Rcd1 Qa6 25. Bc1 Ra7 26. Bf4 Rd7 27. Bxb8 Qxc4 28. bxc4 Rxb8 29. Ne5 Bxe5 30. Rxe5 Kf8 31. Rde1 Kg7 32. f3 Rbb7 33. Kf2 Kf6 34. f4 h5 35. Kf3 Rb8 36. R1e2 Rbd8 37. Rb2 Rd6 38. Rbe2 R6d7 39. Re1 Rb7 40. Rd1 Rdb8 41. Rb1 Rd8 1/2-1/2

[Event "Belgrade Jezero op 09th"]
[Site "Belgrade"]
[Date "2003.08.21"]
[Round "8"]
[White "Jelisavac, Zoran"]
[Black "Milutinovic, Dimitrije"]
[Result "1-0"]
[WhiteElo "1939"]
[BlackElo "2123"]
[PlyCount "55"]
[EventDate "2003.08.14"]
[EventType "swiss"]
[EventRounds "9"]
[EventCountry "YUG"]
[SourceTitle "EXT 2004"]
[Source "ChessBase"]
[SourceDate "2003.11.25"]
[SourceVersion "1"]
[SourceVersionDate "2003.11.25"]
[SourceQuality "1"]

1. e4 c6 2. d4 d5 3. e5 Bf5 4. f4 e6 5. Bd3 Bxd3 6. Qxd3 g6 7. Be3 Nh6 8. Nf3 Qb6 9. b3 c5 10. Nbd2 Nf5 11. c3 Nc6 12. a3 Bg7 13. Bf2 cxd4 14. cxd4 Rc8 15. h4 h5 16. Ke2 Nh6 17. Rhc1 0-0 18. Ng5 Kh8 19. b4 Ng4 20. Bg1 a6 21. Nb3 Na7 22. Nc5 Rfd8 23. Rc2 Rc6 24. Rac1 Rdc8 25. Kf3 a5 26. Rb2 axb4 27. Rxb4 Qa5 28. Rxb7 1-0

[Event "Belgrade Jezero op 09th"]
[Site "Belgrade"]
[Date "2003.08.20"]
[Round "7"]
[White "Arandjelovic, Aleksandar Z"]
[Black "Milutinovic, Dimitrije"]
[Result "1-0"]
[WhiteElo "2151"]
[BlackElo "2123"]
[PlyCount "53"]
[EventDate "2003.08.14"]
[EventType "swiss"]
[EventRounds "9"]
[EventCountry "YUG"]
[SourceTitle "EXT 2004"]
[Source "ChessBase"]
[SourceDate "2003.11.25"]
[SourceVersion "1"]
[SourceVersionDate "2003.11.25"]
[SourceQuality "1"]

1. d4 Nf6 2. c4 d5 3. Nc3 e6 4. Bf4 Bd6 5. Bg5 dxc4 6. e4 Be7 7. Nf3 c6 8. Bxc4 h6 9. Bf4 Bb4 10. Qc2 Nbd7 11. a3 Be7 12. 0-0 Nb6 13. Ba2 Nh7 14. Rad1 Nf6 15. h3 Nh5 16. Be5 Bd7 17. d5 Qc8 18. Qe2 Nf6 19. Nd4 cxd5 20. exd5 exd5 21. Bxf6 gxf6 22. Rfe1 Be6 23. Bxd5 Nxd5 24. Nxd5 Kf8 25. Nf4 Kg7 26. Ndxe6+ fxe6 27. Qg4+ 1-0

[Event "Belgrade Jezero op 09th"]
[Site "Belgrade"]
[Date "2003.08.14"]
[Round "1"]
[White "Milutinovic, Dimitrije"]
[Black "Bozovic, Vladimir"]
[Result "1-0"]
[WhiteElo "2123"]
[BlackElo "2192"]
[PlyCount "123"]
[EventDate "2003.08.14"]
[EventType "swiss"]
[EventRounds "9"]
[EventCountry "YUG"]
[SourceTitle "EXT 2004"]
[Source "ChessBase"]
[SourceDate "2003.11.25"]
[SourceVersion "1"]
[SourceVersionDate "2003.11.25"]
[SourceQuality "1"]

1. d4 Nf6 2. c4 g6 3. e3 Bg7 4. Nf3 0-0 5. Nc3 d6 6. Be2 Nbd7 7. 0-0 e5 8. d5 a5 9. e4 Nc5 10. Bg5 h6 11. Bxf6 Qxf6 12. Nd2 g5 13. Bg4 Nd3 14. Bxc8 Raxc8 15. b3 Qg6 16. g3 h5 17. Qf3 Nc5 18. Qg2 g4 19. Rae1 Rce8 20. f3 Bh6 21. Qe2 f6 22. Nd1 f5 23. exf5 Rxf5 24. fxg4 Rxf1+ 25. Nxf1 Nd3 26. Qe4 Qxe4 27. Rxe4 Nc5 28. Re2 hxg4 29. Nfe3 a4 30. Nxg4 Bg7 31. bxa4 Nxa4 32. Kg2 Nc5 33. Nde3 Ra8 34. Nf5 Ra4 35. Nxg7 Kxg7 36. Ne3 Nd3 37. Kf3 Nc1 38. Rc2 Nxa2 39. c5 e4+ 40. Kg4 Kf6 41. cxd6 cxd6 42. Kf4 Nb4 43. Rc4 b5 44. Ng4+ Ke7 45. Rc7+ Kf8 46. Rc8+ Ke7 47. Ne3 Nd3+ 48. Kg5 Kd7 49. Rg8 Kc7 50. h4 Ne5 51. h5 Ra2 52. Rg7+ Kb6 53. h6 Rh2 54. Nf5 Kc5 55. h7 Nf3+ 56. Kf4 Kxd5 57. Rd7 b4 58. Rxd6+ Kc4 59. Rh6 Rf2 60. h8Q Nd4+ 61. Kxe4 Nxf5 62. Qc8+ 1-0